| 000 | 01535nam a2200361 i 4500 | ||
|---|---|---|---|
| 001 | 768714001 | ||
| 003 | CO-MdFUSB | ||
| 005 | 20250519112743.0 | ||
| 007 | ta | ||
| 008 | 241212t2007 inu |||| |||| 00| 0 eng d | ||
| 020 | _a9781575061313 | ||
| 040 |
_aCO-MdFUSB _bspa _cCO-MdFUSB _dCO-MdFUSBC _erda |
||
| 041 | _aeng | ||
| 082 |
_223 _a222.1066 _bK72 |
||
| 100 |
_aKnohl, Israel _eautor |
||
| 245 |
_aThe sanctuary of silence : _bthe priestly Torah and the holiness school _c/ Israel Knohl |
||
| 264 | 1 |
_bEisenbrauns, _aWinona, Lake, Indiana : _c[2007] |
|
| 264 | 4 | _c©2007 | |
| 300 |
_a246 páginas _c; 24 cm |
||
| 336 |
_2rdacontent _atexto _btxt |
||
| 337 |
_2rdamedia _asin mediación _bn |
||
| 338 |
_2rdacarrier _avolumen _bnc |
||
| 505 | _aEl sábado y las fiestas en la Torá sacerdotal y las leyes de la Escuela de Santidad. -- La separación del estrato sacerdotal del Pentateuco en sus partes constituyentes. -- El concepto de Dios y el culto en la Torá sacerdotal. -- El concepto de Dios y el culto en las Escuelas de Santidad. -- El marco histórico de las actividades de la Escuela Sacerdotal. | ||
| 563 | _aPasta dura | ||
| 630 | 0 | 7 |
_aBiblia. _pPentateuco _xCrítica, interpretación, etc. |
| 630 | 0 | 7 |
_aBiblia. _pLevíticos _xCrítica, interpretación, etc. |
| 653 | _aJudaísmo — Historia — Periodo postexílico, 586 a.C.–70 d.C. | ||
| 653 | _aSantidad — Aspectos religiosos — Judaísmo | ||
| 653 | _aSacerdocio en la Biblia | ||
| 942 | _cBK | ||
| 945 | _aJTF-925 | ||
| 999 |
_c71257 _d71257 |
||